| 000 | 00894cgm a2200241 4500 | ||
|---|---|---|---|
| 001 | B3072 | ||
| 008 | 090401t1989 xxu||||| |||| 00| 0 eng d | ||
| 035 | _a(Sirsi) u53831 | ||
| 041 | _aeng | ||
| 050 | _a347.4109 | ||
| 100 | _aEden, Nicholas | ||
| 245 | _aPreparing a case for arbitration (sound recording) | ||
| 260 |
_aLondon _bRoyal Institution of Chartered Surveyors _c1989 |
||
| 300 | _a1 sound cassette (60 min.) | ||
| 350 | _a10 | ||
| 490 | _aOwlion Audio Programme | ||
| 520 | _aPublished jointly with the College of Estate Management . Uses the device of a mock arbitration to illustrate procedures, presentation of factual evidence, liaison with client and opponent, violation of privilege, award save as to costs and representations as to costs. | ||
| 650 | _aAUDIO CASSETTES | ||
| 700 | _aRose, Norman | ||
| 700 | _aHooper, Peter | ||
| 942 | _n0 | ||
| 948 | _c04/03/1997 | ||
| 999 |
_c85275 _d85275 |
||